000 00646cam a2200229 a 4500
001 16845771
005 20180312082357.0
008 110627s2013 njuab 000 0 eng
010 _a 2011023932
020 _a9780321780539
040 _aDLC
_cDLC
_dDLC
041 _aeng
042 _apcc
080 _a512.9 SHE
082 0 0 _a512.9 SHE
_223
100 _a36
101 _aMAT
245 0 0 _aBeginning and intermediate algebra /
_cJohn Tobey ... [et al.].
906 _a7
_bcbc
_corignew
_d1
_eecip
_f20
_gy-gencatlg
942 _2ddc
_cBK
999 _c44745
_d44745